Quién es quién en 1810 : (Registro nro. 6899)

Detalles MARC
000 -LEADER
fixed length control field 01357cam a2200265 a 4500
003 - CONTROL NUMBER IDENTIFIER
control field OSt
005 - DATE AND TIME OF LATEST TRANSACTION
control field 20201002113630.0
008 - FIXED-LENGTH DATA ELEMENTS--GENERAL INFORMATION
fixed length control field 100927s2010 ck r 000 0dspa d
020 ## - INTERNATIONAL STANDARD BOOK NUMBER
International Standard Book Number 9789587380323
040 ## - CATALOGING SOURCE
Original cataloging agency DLC
Transcribing agency CO-JMCR
Modifying agency CO-BoPUJ
041 0# - LANGUAGE CODE
Language code of text/sound track or separate title spa
082 04 - DEWEY DECIMAL CLASSIFICATION NUMBER
Classification number 986.101 /
Item number M386q
Edition number 23
100 1# - MAIN ENTRY--PERSONAL NAME
Personal name Martínez Garnica, Armando,
Relator term editor
9 (RLIN) 11131
245 10 - TITLE STATEMENT
Title Quién es quién en 1810 :
Remainder of title guía de forasteros del Virreinato de Santa Fe /
Statement of responsibility, etc. editores académicos Armando Martínez Garnica y Daniel Gutiérrez Ardila
250 ## - EDITION STATEMENT
Edition statement Primera edición
260 ## - PUBLICATION, DISTRIBUTION, ETC.
Place of publication, distribution, etc. Bogotá :
Name of publisher, distributor, etc. Editorial Universidad del Rosario :
-- Universidad Colegio Mayor de Nuestra Señora del Rosario, Escuela de Ciencias Humanas, Programa de Historia, Decanatura del Medio Universitario :
-- Universidad Industrial de Santander,
Date of publication, distribution, etc. 2010.
300 ## - PHYSICAL DESCRIPTION
Extent 387 páginas ;
Dimensions 24 cm.
490 0# - SERIES STATEMENT
Series statement Colección memoria viva del bicentenario
504 ## - BIBLIOGRAPHY, ETC. NOTE
Bibliography, etc. note Incluye referencias bibliográficas : páginas 375-385.
505 0# - FORMATTED CONTENTS NOTE
Title Guía de forasteros del Virreinato de Santa Fe para el primer semestre de 1810. --
-- Guía de forasteros del Nuevo Reino de Granada para el segundo semestre de 1810.
650 ## - SUBJECT ADDED ENTRY--TOPICAL TERM
Topical term or geographic name entry element Historia
Chronological subdivision Siglo XIX.
Geographic subdivision Bogotá (Colombia)
9 (RLIN) 11132
650 ## - SUBJECT ADDED ENTRY--TOPICAL TERM
Topical term or geographic name entry element Biografías
General subdivision Historia
Chronological subdivision 1810
Geographic subdivision Colombia
9 (RLIN) 11133
700 1# - ADDED ENTRY--PERSONAL NAME
Personal name Gutiérrez Ardila, Daniel
Relator term editor
9 (RLIN) 11134
942 ## - ADDED ENTRY ELEMENTS (KOHA)
Source of classification or shelving scheme Dewey Decimal Classification
Koha item type Books
Existencias
Withdrawn status Lost status Source of classification or shelving scheme Damaged status Not for loan Home library Current library Shelving location Date acquired Source of acquisition Total Checkouts Full call number Barcode Date last seen Date last checked out Copy number Price effective from Koha item type
    Dewey Decimal Classification     Biblioteca Pública José María del Castillo y Rada Biblioteca Pública José María del Castillo y Rada General Stacks 04/15/2018 Donación 1 986.101 / M386q 201810087 04/03/2025 04/02/2025 Ej.1 04/15/2018 Books